Reglamento interior para el régimen de sus clases y enseñanzas : aprobado por la Junta general extraordinaria celebrada en 18 de junio de 1920 aprobado por la Junta general extraordinaria celebrada en 18 de junio de 1920
Descripción Física:
24 p. ; 21 cm
MARC
| LEADER | 00000nam a2200000Ia 4500 | ||
|---|---|---|---|
| 001 | 16180 | ||
| 008 | 160829s1920 xx 000 0 cat d | ||
| 080 | |a 4231, exp. 74 | ||
| 110 | 2 | |a Conservatori del Liceu |9 55411 | |
| 245 | |a Reglamento interior para el régimen de sus clases y enseñanzas : |b aprobado por la Junta general extraordinaria celebrada en 18 de junio de 1920 | ||
| 260 | |a Barcelona : |b Establecimiento tip. de Mariano Galve, |c 1920 | ||
| 300 | |a 24 p. ; |c 21 cm | ||
| 590 | |a Abans del títol: Liceo Filarmónico Dramático Barcelonés de S.M. Doña Isabel II | ||
| 650 | |a Conservatori del Liceu |x Reglaments i procediment |9 48328 | ||
| 901 | |a Arxiu | ||
| 942 | |n 1 | ||
| 952 | |0 0 |1 0 |4 0 |6 4231_EXP_74 |7 1 |9 54403 |a Arxiu |b Arxiu |d 2016-12-01 |l 0 |o 4231, exp. 74 |p 16180 |r 2016-12-01 00:00:00 |w 2016-12-01 |y ARXIU | ||
| 999 | |c 58272 |d 58272 | ||